000 00449nam a2200193Ia 4500
003 OSt
005 20231106112453.0
008 210210b1902 xxu||||| |||| 00| 0 eng d
040 _cAL
041 _aeng
082 _a825/1154
100 _aSHERIDAN
_9140852
245 _aOliphant
260 _aLondon
_bMacmillan & Co. Ltd.
_c1902
650 _aOliphant
_9140853
690 _aEnglish Criticism
_9140854
906 _a015468
942 _2ddc
_cBK
999 _c134838
_d134838